000 00311nam a22001337a 4500
008 170707b xxu||||| |||| 00| 0 eng d
020 _a9780205620388
041 _aeng
080 _215 ED
_a82
100 _a22
101 _aGJL
245 _aAN INTRODU8CRION TO LITERATURE
_cBARNEL .S
942 _2udc
_cBK
999 _c20044
_d20044